Fundamentos sociales para la participación ambiental : (Registro nro. 19428)

Detalles MARC
000 -CABECERA
Campo de control 01186cam a2200277 a 4500
005 - FECHA Y HORA DE LA ULTIMA TRANSACCION
Campo de control 20180803170358.0
008 - ELEMENTOS DE LONGITUD FIJA—INFORMACION GENERAL
Campo de control 990728s1998 ck r 00010 spa d
022 ## - ISSN
ISSN 0123-2401
040 ## - FUENTE DE CATALOGACIÓN
Agencia catalogadora original la
Agencia transcriptora la
Agencia Modificadora CO-BoIAVH
041 0# - IDIOMA
Código de idioma para texto/pista de sonido o título separado Español
044 ## - PAÍS DE PUBLICACIÓN
País de publicación Colombia
082 04 - NUMERO DE CLASIFICACION DECIMAL DEWEY
Número de clasificación 354.33071
Número del ítem M66m11
111 2# - ASIENTO PRINCIPAL--NOMBRE DE REUNION
Nombre de reunión o de jurisdicción como elemento de entrada Curso Fundamentos Sociales para la Participación Ambiental,
Lugar de la reunión (Medellín :
Fecha de la reunión 1998)
9 (RLIN) 80610
245 00 - MENCION DE TITULO
Título Fundamentos sociales para la participación ambiental :
Parte restante del título memorias
260 ## - PUBLICACION, DISTRIBUCION, ETC. (PIE DE IMPRENTA)
Lugar de publicación, distribución, etc. Santa Fe de Bogotá :
Nombre del editor, distribuidor, etc. Ministerio del Medio Ambiente :
-- ICFES,
Fecha de publicación, distribución, etc. 1998.
300 ## - DESCRIPCION FISICA
Extensión 187, [1] páginas ;
Dimensiones 24 x 17 cm.
490 0# - MENCION DE SERIE
Mención de serie Memorias ;
Designación numérica/secuencial del volumen 16
500 ## - NOTA GENERAL
Nota general En "Proyecto capacitación para profesionales del sector ambiental".
504 ## - NOTA DE BIBLIOGRAFIA, ETC.
Nota de bibliografía Incluye referencias bibliográficas.
650 26 - ASIENTO SECUNDARIO DE MATERIA - TERMINO TEMATICO
Término temático o nombre geográfico como elemento de entrada Medio ambiente
Subdivisión general Aspectos sociales
Subdivisión geográfica Colombia
9 (RLIN) 80611
650 26 - ASIENTO SECUNDARIO DE MATERIA - TERMINO TEMATICO
Término temático o nombre geográfico como elemento de entrada Protección ambiental
Subdivisión general Participación comunitaria
Subdivisión geográfica Colombia
9 (RLIN) 80612
650 26 - ASIENTO SECUNDARIO DE MATERIA - TERMINO TEMATICO
Término temático o nombre geográfico como elemento de entrada Educación ambiental
Subdivisión general Participación comunitaria
Subdivisión geográfica Colombia
9 (RLIN) 80613
710 2# - ASIENTO SECUNDARIO - NOMBRE CORPORATIVO
Nombre corporativo o de jurisdicción como elemento de entrada Instituto Colombiano para el Fomento de la Educación Superior - ICFES
9 (RLIN) 80493
710 1# - ASIENTO SECUNDARIO - NOMBRE CORPORATIVO
Nombre corporativo o de jurisdicción como elemento de entrada Colombia
Unidad subordinada Ministerio del Medio Ambiente
9 (RLIN) 97884
942 ## - ELEMENTOS ADICIONALES (KOHA)
Sistema de clasificación Dewey Decimal Classification
Tipo de ítem Libro
Existencias
Withdrawn status Lost status Sistema de Clasificación Damaged status No para préstamo Colección Inventariado Ubicación Permanente Ubicación actual Fecha de adquisición Valor Total Checkouts Número topográfico Inventario / Código de Barras Date last seen Ejemplar Price effective from Forma de adquisición Tipo de material
    Dewey Decimal Classification     General Inventariado 2017 Bogotá Bogotá 23/03/2017 39000.00   LB-354.33071 M66m11 008585 23/03/2017 Ej. 1 23/03/2017 Donación Libro